MARC

LEADER 00000nam0a2200000 4500
001 298536
005 20231102001120.0
035 |a (RuTPU)RU\TPU\book\323679 
090 |a 298536 
100 |a 20150618d1984 m y0rusy50 ca 
101 0 |a rus 
102 |a RU 
105 |a ac z 000zy 
200 1 |a Мой дом на Красной Пресне  |e очерки  |f сост. А. Н. Грамп 
210 |a Москва  |c Московский рабочий  |d 1984 
215 |a 334 с.  |c ил. 
606 1 |a ВЛКСМ  |x История  |2 stltpush  |3 (RuTPU)RU\TPU\subj\2606  |9 31155 
610 1 |a комсомольцы 
610 1 |a комсомольские организации 
610 1 |a герои 
610 1 |a коммунистическое воспитание 
610 1 |a Москва 
610 1 |a Красная Пресня 
610 1 |a 20 век 
686 |a Ф75(2)12  |v LBC/SL-A  |2 rubbk 
702 1 |a Грамп  |b А. Н.  |4 220 
801 1 |a RU  |b 63413507  |c 20150618 
801 2 |a RU  |b 63413507  |c 20180601  |g RCR 
942 |c BK